00957nac a22002291u 4500010001600000020001500016082001700031090001500048100003400063245011000097260005200207300006400259500008000323500002000403500002700423511002800450538007100478650003900549942001900588999001500607952010500622 a 94039096 a067399378700a005.265bNIC c7085d7085 aNickerson, Robert C., 10aFundamentals of QBasic programming :bproblem solving and application development /cRobert C. Nickerson. aNew York :bHarperCollinsCollege,c1995.cc1995. axv, 401 p. :bill. ;c28 cm. +e1 computer disk (3 1/2 in.) aIncludes Instructor's manual and transparency masters, c1995: (131, 84 p.). aIncludes index. aDistributer: Al-Ahram. aCatalogued By: Mahitab. aSystem requirements for accompanying computer disk: MS-DOS QBasic. 0aQBasic (Computer program language) cBBk005.265NIC c7085d7085 00104070aMAINbMAINcLOWd2016-12-07ePurchasel0o005.265NICp000008748r2025-07-15 00:00:00yBB